| 000 | 00401nam a2200157Ia 4500 | ||
|---|---|---|---|
| 008 | 240729s9999 xx 000 0 und d | ||
| 022 | _a1661-8734 | ||
| 245 | 0 | _aSwiss Journal of Geosciences | |
| 260 | _aUnited Kingdom | ||
| 260 | _bSpringerOpen | ||
| 650 | _a Geology | ||
| 650 | _aScience | ||
| 856 | _uhttps://doaj.org/toc/0cbeb1bdbb504b53a55b16d9a85af313 | ||
| 942 | _2ddc | ||
| 942 | _cDOAJEJ | ||
| 999 |
_c70284 _d70284 |
||
| 945 |
_a1 _bMadushi Gamage _c1 _dMadushi Gamage |
||